书目信息 |
| 题名: |
文化洗牌与文学重建
|
|
| 作者: | 肖锦龙 著 | |
| 分册: | ||
| 出版信息: | 北京 人民出版社 2018 |
|
| 页数: | 245页 | |
| 开本: | 24cm | |
| 丛书名: | ||
| 单 册: | ||
| 中图分类: | I561.074 | |
| 科图分类: | ||
| 主题词: | 小说研究--xiao shuo yan jiu--英国--现代 | |
| 电子资源: | ||
| ISBN: | 978-7-01-019032-7 | |
| 000 | 01459nam0 2200289 450 | |
| 001 | 012001010997 | |
| 005 | 20140104161836.0 | |
| 010 | @a978-7-01-019032-7@dCNY48.00 | |
| 099 | @aCAL 012018070029 | |
| 100 | @a20180612d2018 em y0chiy50 ea | |
| 101 | 0 | @achi |
| 102 | @aCN@b110000 | |
| 105 | @ay a 000yy | |
| 106 | @ar | |
| 200 | 1 | @a文化洗牌与文学重建@Awen hua xi pai yu wen xue chong jian@e英国当代先锋小说的后现代性@f肖锦龙著 |
| 210 | @a北京@c人民出版社@d2018 | |
| 215 | @a245页@d24cm | |
| 300 | @a国家社科基金资助项目“英国后现代小说形式变革研究”结项成果 | |
| 314 | @a肖锦龙,1982届西北师大文学学士,1989届北京师大中文系世界文学专业硕士。1991—1992年赴美国康州中央大学英语系进修,1997年10月获英国沃尔克大学比较文学理论硕士学位。 | |
| 320 | @a有书目 (第243-245页) | |
| 330 | @a本书以作为西方当代先锋文学典型代表的英国当代先锋小说为案例,联系西方当代思想潮流中占主导的“语言转向”潮流,对西方当代先锋小说的后现代性进行了具体、细致、实切的分析考察,得出了如下新结论:英国以至西方当代先锋小说,在思想内容上彻底打乱了过去的系统,对之进行全面重置,是文化洗牌性的;在艺术形式上彻底扬弃了过去的理路方法,重建了全新的理路方法,是文学重建性的。 | |
| 517 | 1 | @a英国当代先锋小说的后现代性@Aying guo dang dai xian feng xiao shuo de hou xian dai xing |
| 606 | 0 | @a小说研究@Axiao shuo yan jiu@y英国@z现代 |
| 690 | @aI561.074@v5 | |
| 701 | 0 | @a肖锦龙@AXiao Jinlong@4著 |
| 801 | 2 | @aCN@b上海新华@c20191020 |
| 905 | @b1137562-4@dI561.074@e1068@f3 | |
| 文化洗牌与文学重建:英国当代先锋小说的后现代性/肖锦龙著.-北京:人民出版社,2018 |
| 245页;24cm |
| 国家社科基金资助项目“英国后现代小说形式变革研究”结项成果 |
| ISBN 978-7-01-019032-7:CNY48.00 |
| 本书以作为西方当代先锋文学典型代表的英国当代先锋小说为案例,联系西方当代思想潮流中占主导的“语言转向”潮流,对西方当代先锋小说的后现代性进行了具体、细致、实切的分析考察,得出了如下新结论:英国以至西方当代先锋小说,在思想内容上彻底打乱了过去的系统,对之进行全面重置,是文化洗牌性的;在艺术形式上彻底扬弃了过去的理路方法,重建了全新的理路方法,是文学重建性的。 |
| ● |
| 相关链接 |
|
|
|
|
正题名:文化洗牌与文学重建
索取号:I561.074/1068
 
预约/预借
| 序号 | 登录号 | 条形码 | 馆藏地/架位号 | 状态 | 备注 |
| 1 | 1137562 | 211375625 | 第一样本阅览室/ [索取号:I561.074/1068] | 在馆 | |
| 2 | 1137563 | 211375634 | 第二借阅区/ [索取号:I561.074/1068] | 在馆 | |
| 3 | 1137564 | 211375643 | 第二借阅区/ [索取号:I561.074/1068] | 在馆 |